000 00736nam a2200205Ia 4500
003 OSt
005 20241119134518.0
007 ca aa aaaaa
008 201103s9999 xx 000 0 und d
040 _cSSBUL
041 _abur
082 _a၂၉၄.၃၆၃
_b
100 0 _aရဝေနွယ်(အင်းမ)။
245 1 0 _aမြင့်မြတ်သူတို့ရဲ့အလုပ် /
_cရဝေနွယ်(အင်းမ)။
260 _aရန်ကုန် ၊
_bရာပြည့်စာပေ၊
_c၂၀၀၈။
300 _a၁၉၂ စာမျက်နှာ ၊
_c၁၇ စင်တီ။
500 _aS-SAT: Dr. Sai Aung Tun
650 _aဗုဒ္ဓဝင်
942 _cBK
_2ddc
999 _c18916
_d18916